Which country became independent with hint - Statistics

General Stats
  • This quiz has been taken 8 times
  • The average score is 9 of 15
Answer Stats
Hint Answer % Correct
1821 Mexico
100%
1783 United States
88%
1816 Argentina
75%
1818 Chile
75%
1811 Paraguay
75%
1821 Peru
75%
1815 Uruguay
75%
1581 Netherlands
63%
1811 Venezuela
63%
1831 Belgium
50%
1804 Haiti
50%
1640 Portugal
50%
1821 Dominican Republic
38%
1918 Iceland
25%
1847 Liberia
25%
No matching quizzes found
Score Distribution
Percent of People with Each Score
Percentile by Number Answered
Your Score History
You have not taken this quiz